Banking in the new millennium : (Record no. 127520)
[ view plain ]
| 000 -LEADER | |
|---|---|
| fixed length control field | 00710nam a22002177a 4500 |
| 005 - DATE AND TIME OF LATEST TRANSACTION | |
| control field | 20170124110026.0 |
| 010 ## - LIBRARY OF CONGRESS CONTROL NUMBER | |
| LC control number | B-058629 |
| 020 ## - INTERNATIONAL STANDARD BOOK NUMBER | |
| Terms of availability | 00.00 |
| International Standard Book Number | 8173914443 |
| 035 ## - SYSTEM CONTROL NUMBER | |
| System control number | B-058629 |
| 037 ## - SOURCE OF ACQUISITION | |
| Source of stock number/acquisition | Cen Lib/Ret |
| 040 ## - CATALOGING SOURCE | |
| Original cataloging agency | DPL |
| Language of cataloging | EN |
| 082 ## - DEWEY DECIMAL CLASSIFICATION NUMBER | |
| Classification number | 332.1 |
| Item number | BAN |
| 245 ## - TITLE STATEMENT | |
| Title | Banking in the new millennium : |
| Statement of responsibility, etc | edited by S. Guruswamy |
| Remainder of title | issues, challenges and strategies / |
| 260 ## - PUBLICATION, DISTRIBUTION, ETC. (IMPRINT) | |
| Place of publication, distribution, etc | New Delhi |
| Name of publisher, distributor, etc | Kanishka Publishers |
| Date of publication, distribution, etc | 2001 |
| 270 ## - ADDRESS | |
| City | New Delhi |
| Address | 4697/5-21A, ansari road, dariya ganj |
| Postal code | 110002 |
| 300 ## - PHYSICAL DESCRIPTION | |
| Extent | xv, 311p. |
| Dimensions | 21cm(Hb) |
| 650 ## - SUBJECT ADDED ENTRY--TOPICAL TERM | |
| Topical term or geographic name as entry element | Banking |
| 9 (RLIN) | 20725 |
| 650 ## - SUBJECT ADDED ENTRY--TOPICAL TERM | |
| Topical term or geographic name as entry element | Indian banking system |
| General subdivision | Development |
| 9 (RLIN) | 20726 |
| 700 ## - ADDED ENTRY--PERSONAL NAME | |
| Personal name | Guruswamy, S. |
| 9 (RLIN) | 20713 |
| 942 ## - ADDED ENTRY ELEMENTS (KOHA) | |
| Source of classification or shelving scheme | Dewey Decimal Classification |
| Koha item type | English Books |
| Classification part | 332.1 |
| Call number suffix | BAN |
| Withdrawn status | Lost status | Damaged status | Not for loan | Home library | Current library | Date acquired | Source of acquisition | Cost, normal purchase price | Total Checkouts | Full call number | Barcode | Date last seen | Copy number | Cost, replacement price | Price effective from | Koha item type |
|---|---|---|---|---|---|---|---|---|---|---|---|---|---|---|---|---|
| Central Library | Central Library | 29/06/2015 | Cen Lib/Ret | 0.00 | 332.1 BAN | B-058629 | 29/06/2015 | 1 | 0.00 | 29/06/2015 | English Books |
